<tr>>MIRRORS |
<tr>
</tr>
<tr>
<tr>
<td>
</tr>
<tr>
>m class="correct_response">(Edmund) Halley>r /> >able width="100%">>d class="right">Sam>tr> | >td>
</tr>
able>
|
<tr>
<td>
</tr>
<tr>
>m class="correct_response">across the board>r />r />able>>d class="wrong">Triple Stumper>tr> | >td>
</tr>
able>
|
<tr>
<td>
</tr>
<tr>
>m class="correct_response">Central Park>r /> >able width="100%">>d class="right">Lucy>tr> | >td>
</tr>
able>
|
<tr>
<td>
</tr>
<tr>
>m class="correct_response">Rudolph the Red-Nosed Reindeer>r /> >able width="100%">>d class="right">Sam>tr> | >td>
</tr>
able>
|
<tr>
<td>
</tr>
<tr>
>m class="correct_response">a smokehouse>r /> >able width="100%">>d class="right">Lucy>tr> | >td>
</tr>
able>
|
<tr>
<td>
</tr>
<tr>
>m class="correct_response">2>r />r />able>>d class="wrong">Triple Stumper>tr> | >td>
</tr>
able>
|
</tr>
<tr>
<tr>
<td>
</tr>
<tr>
>m class="correct_response">Massachusetts>r /> >able width="100%">>d class="right">Lucy>tr> | >td>
</tr>
able>
|
<tr>
<td>
</tr>
<tr>
>m class="correct_response">a claiming race>r />r />able>>d class="wrong">Triple Stumper>tr> | >td>
</tr>
able>
|
<tr>
<td>
</tr>
<tr>
>m class="correct_response">the Russian Tea Room>r /> >able width="100%">>d class="right">Sam>tr> | >td>
</tr>
able>
|
<tr>
<td>
</tr>
<tr>
>m class="correct_response">mercury>r /> >able width="100%">>d class="right">Josh>tr> | >td>
</tr>
able>
|
<tr>
<td>
</tr>
<tr>
>m class="correct_response">On top of Old Smokey>r /> >able width="100%">>d class="right">Sam>tr> | >td>
</tr>
able>
|
<tr>
<td>
</tr>
<tr>
(Ken: The first reflecting [*].) >r />m class="correct_response">a telescope>r /> >able width="100%">>d class="right">Lucy>tr> | >td>
</tr>
able>
|
</tr>
<tr>
<tr>
<td>
</tr>
<tr>
>m class="correct_response">Eurydice>r /> >able width="100%">>d class="right">Josh>tr> | >td>
</tr>
able>
|
<tr>
<td>
</tr>
<tr>
>m class="correct_response">3>r /> >able width="100%">>d class="right">Josh>tr> | >td>
</tr>
able>
|
<tr>
<td>
</tr>
<tr>
>m class="correct_response">Grand Central Station>r /> >able width="100%">>d class="right">Lucy>tr> | >td>
</tr>
able>
|
<tr>
<td>
</tr>
<tr>
>m class="correct_response">sequins>r /> >able width="100%">>d class="right">Josh>tr> | >td>
</tr>
able>
|
<tr>
<td>
</tr>
<tr>
>m class="correct_response">a smokestack>r /> >able width="100%">>d class="right">Sam>tr> | >td>
</tr>
able>
|
<tr>
<td>
</tr>
<tr>
>m class="correct_response">rearview mirror>r /> >able width="100%">>d class="right">Josh>tr> | >td>
</tr>
able>
|
</tr>
<tr>
<tr>
<td>
</tr>
<tr>
>m class="correct_response">Henry Hudson>r /> >able width="100%">>d class="right">Lucy>tr> | >td>
</tr>
able>
|
<tr>
<td>
</tr>
<tr>
(Sam: What's the turn?) >r />m class="correct_response">the finish line>r /> >able width="100%">>d class="wrong">Sam>d class="right">Lucy>tr> | >td>
</tr>
able>
|
<tr>
<td>
</tr>
<tr>
(Ken: Don't wanna dox him, but it's in [*] the [*] Grill.) >r />m class="correct_response">Tribeca>r />r />able>>d class="wrong">Triple Stumper>tr> | >td>
</tr>
able>
|
<tr>
<td>
</tr>
<tr>
>m class="correct_response">rhinestones>r /> >able width="100%">>d class="right">Lucy>tr> | >td>
</tr>
able>
|
<tr>
<td>
</tr>
<tr>
>m class="correct_response">a smoke-filled room>r /> >able width="100%">>d class="right">Sam>tr> | >td>
</tr>
able>
|
<tr>
<td>
</tr>
<tr>
(Josh: What is pumice?) >r />m class="correct_response">obsidian>r /> >able width="100%">>d class="right">Sam>d class="wrong">Josh>tr> | >td>
</tr>
able>
|
</tr>
<tr>
<tr>
<td>
</tr>
<tr>
>m class="correct_response">James I>r /> >able width="100%">>d class="right">Sam>tr> | >td>
</tr>
able>
|
<tr>
<td>
</tr>
<tr>
>(Josh: [Selecting the last clue] A DAY AT THE RACES--bring it!) >r />m class="correct_response">handicap>r /> >able width="100%">>d class="right">Josh>tr> | >td>
</tr>
able>
|
<tr>
<td>
</tr>
<tr>
>m class="correct_response">(Thomas) Keller>r /> >able width="100%">>d class="right">Sam>tr> | >td>
</tr>
able>
|
<tr>
<td>
</tr>
<tr>
>m class="correct_response">lapis lazuli>r /> >able width="100%">>d class="right">Josh>tr> | >td>
</tr>
able>
|
<tr>
<td>
</tr>
<tr>
>m class="correct_response">a smoke jumper>r /> >able width="100%">>d class="right">Josh>tr> | >td>
</tr>
able>
|
<tr>
<td>
</tr>
<tr>
>m class="correct_response">a cheval glass>r />r />able>>d class="wrong">Triple Stumper>tr> | >td>
</tr>
able>
|
</tr>